| 000 | 00503cam a2200193ua 4500 | ||
|---|---|---|---|
| 020 | _cRs 295.00 | ||
| 041 |
_aeng _h |
||
| 082 |
_a658.4034 _bTAH/OP |
||
| 100 | _aTaha, Hamdy A . | ||
| 245 |
_aOperations research : An introduction / _cHamdy A Taha. _hTextual Documents |
||
| 250 |
_a6 / _b. |
||
| 260 |
_aNew Delhi : _bPrentice Hall of India Pvt Ltd. , _c2001. |
||
| 300 | _a916 ; . | ||
| 365 | _aRs 295.00 | ||
| 504 | _a | ||
| 942 | _cBK | ||
| 999 |
_c286 _d286 |
||